Country Logic Puzzle by Scambigol #19 - Statistics

General Stats
  • This quiz has been taken 185 times
  • The average score is 20 of 24
Answer Stats
Country % Correct
Andorra
97%
Bhutan
94%
France
90%
India
89%
Eswatini
86%
Zambia
86%
South Africa
84%
Yemen
84%
DR Congo
83%
Colombia
82%
Oman
82%
Panama
82%
Vanuatu
81%
Grenada
80%
Jamaica
80%
Liechtenstein
80%
Nepal
80%
Qatar
80%
Tuvalu
80%
Ukraine
80%
Haiti
79%
Republic of the Congo
79%
Moldova
78%
Kiribati
77%
No matching quizzes found
Score Distribution
Percent of People with Each Score
Percentile by Number Answered
Your Score History
You have not taken this quiz